000 00522nam a2200193Ia 4500
008 151121s9999||||xx |||||||||||||| ||und||
082 _a181।2/SAJ
082 _bHNW-48042
100 _aSajandas Gangaram
245 4 _aThe Man With A Singing Heart
260 _b"Mira Publications, Sadhu V। M।-Poona"
260 _c--
300 _a116
600 _aSajandas Gangaram
630 _aThe Man With A Singing Heart
700 _aSajandas Gangaram
730 _aThe Man With A Singing Heart
942 _cBOOK
999 _c1233785
_d1233782